La política exterior de Chile, 1990-2009: del aislamiento a la integración global

保存先:
書誌詳細
主要な著者: Artaza Rouxel, Mario (著者), Ross, César (著者)
フォーマット: 図書
言語:スペイン語
出版事項: Santiago RIL 2012
版:1a. ed
シリーズ:Bibliodiversidad
主題:
タグ: タグ追加
タグなし, このレコードへの初めてのタグを付けませんか!

MARC

LEADER 00000cam a2200000 a 4500
001 UCF1019
003 CL-VaPUC
008 120621e20120000CL |||||||||||||||||spa|d
020 |a 9789562848596 
082 0 4 |a 327.83  |b ART  |2 21 
100 0 |a Artaza Rouxel, Mario  |e author  |9 562703 
700 0 |a Ross, César  |e author  |9 562704 
245 1 3 |a La política exterior de Chile, 1990-2009: del aislamiento a la integración global 
250 |a 1a. ed 
300 |a 895 p 
942 |c BK 
945 |d 20120621 00:00:00  |a cmena 
260 |a Santiago  |b RIL  |c 2012 
650 0 |a Relaciones Internacionales  |9 255740 
650 0 |a Política gubernamental  |9 262286 
650 7 |a POLITICA CHILENA  |2 CL-VaPUC  |9 435961 
650 0 |a Historia política  |9 256974 
650 0 |a Diplomacia  |9 256483 
650 0 |a Tratados internacionales   |9 256056 
583 |a last modification  |c 20130430 05:52:46  |k Rodrigo Vera 
490 0 |a Bibliodiversidad 
999 |c 348034  |d 348032 
952 |0 0  |1 0  |4 0  |6 327_830000000000000_ART_2012  |7 0  |8 A  |9 449892  |a BIBHIS  |b BIBHIS  |d 2019-11-22  |i 4875761  |l 1  |m 1  |o 327.83 ART 2012  |p 4875761  |r 2025-01-20  |s 2024-10-17  |w 2019-11-22  |y BK  |k HIS 
952 |0 0  |1 0  |4 0  |6 327_830000000000000_ART_2012  |7 0  |8 A  |9 449893  |a BIBHIS  |b BIBHIS  |d 2019-11-22  |i 496974K  |l 2  |o 327.83 ART 2012  |p 496974K  |r 2025-01-20  |s 2024-11-19  |w 2019-11-22  |y BK  |k HIS